Lataa...

Practical costing /

Bibliografiset tiedot
Päätekijä: Nigam, B. M. Lall
Muut tekijät: Sharma, G. L.
Aineistotyyppi: Printed Book
Kieli:English
Julkaistu: Bombay : Himalaya, 1981.
LEADER 00472nam a2200145Ia 4500
008 150624b xxu||||| |||| 00| 0 eng d
082 |a 657.42 
100 |a Nigam, B. M. Lall 
245 |a Practical costing /  |c B. M. Lall Nigam 
260 |a Bombay :  |b Himalaya,  |c 1981. 
300 |a 678 p. 
700 |a Sharma, G. L. 
942 |c BK 
999 |c 34720  |d 34720 
952 |0 0  |1 0  |4 0  |6 657_420000000000000_NIG_P  |7 0  |9 34719  |a UL  |b UL  |c ST2  |d 2017-10-05  |l 0  |o 657.42 NIG/P  |p 48513  |r 2012-10-27  |w 2012-10-27  |y BK